500 beliebteste männliche Vornamen 2024 - Statistiken

Allgemein
  • Dieses Quiz wurde 470 mal gespielt
  • Das Durchschnittsergebnis liegt bei 118 aus 500
Antwortstatistiken
Namen % Korrekt
Leo
84%
Leon
82%
Luca
82%
Paul
82%
Tim
82%
Max
81%
Ben
80%
Jan
80%
John
80%
Tom
80%
Jon
78%
Marc
78%
Lukas
77%
Alex
74%
Nick
74%
Maxim
73%
Christian
71%
Johann
71%
Karl
70%
Alexander
69%
Daniel
68%
Jonas
68%
Thomas
68%
Felix
67%
Kevin
67%
Maximilian
67%
Phil
67%
Nico
66%
Noah
66%
Peter
66%
Philipp
66%
Elia
65%
Finn
65%
Johannes
65%
Michael
65%
Christoph
64%
Mohammed
64%
Andreas
63%
Erik
63%
Anton
62%
Elias
62%
Emil
62%
Julian
62%
Louis
62%
Markus
62%
Sebastian
62%
Simon
62%
Stefan
62%
Benjamin
61%
David
61%
Florian
60%
Niklas
59%
Timo
59%
Franz
58%
Hans
57%
Jack
57%
Jannik
57%
Matthias
57%
Moritz
57%
Sam
57%
Mick
56%
Theo
55%
Henry
54%
Lenn
54%
Fabian
53%
Georg
53%
Hannes
53%
Tobias
53%
Martin
52%
Ali
51%
Jakob
50%
Manuel
50%
Oliver
50%
Samu
50%
Samuel
50%
Dennis
49%
Friedrich
49%
Robert
49%
Fred
48%
Jonathan
48%
Matteo
48%
Fritz
47%
Nils
47%
Richard
47%
Willi
47%
Liam
46%
Linus
46%
Marco
46%
Vince
46%
Aaron
45%
Josef
45%
Julius
45%
Lars
45%
Lio
45%
Patrick
45%
Bastian
44%
Vincent
44%
Carlo
43%
Kilian
43%
Lev
43%
Levi
43%
Otto
43%
Jamie
42%
Joshua
42%
Kai
42%
Leonard
42%
Nicolas
42%
Ole
42%
Jannis
41%
Marcel
41%
Mario
41%
Bo
40%
Marvin
40%
Oskar
40%
Robin
40%
Theodor
40%
Toni
39%
Adrian
38%
Bene
38%
Frederik
38%
Marius
38%
Mike
38%
Viktor
38%
Ludwig
37%
Marlo
37%
Till
37%
Dominik
36%
Gustav
36%
Lennard
36%
Mats
36%
Albert
35%
Gregor
35%
Heinrich
35%
Konrad
35%
Marlon
35%
Justus
34%
Benedikt
33%
Gabriel
33%
Konstantin
33%
Antoni
32%
Hendrik
32%
Lean
32%
Luke
32%
Matti
32%
Wilhelm
32%
Adam
31%
Emilio
31%
Mika
31%
Milo
31%
Valentin
31%
Damian
30%
Lasse
30%
Michel
30%
Noel
30%
Raphael
30%
Antonio
29%
Arthur
29%
Erwin
29%
Ferdinand
29%
Janne
29%
Lenny
29%
Lion
29%
Armin
28%
Björn
28%
Carlos
28%
James
28%
Jonah
28%
Kurt
28%
Lorenz
28%
Malte
28%
Xaver
28%
Bruno
27%
Joel
27%
Levin
27%
Milan
27%
Timon
27%
Tommy
27%
Alfred
26%
Arne
26%
Hugo
26%
Jason
26%
Tino
26%
Benno
25%
Leander
25%
Lino
25%
Roman
25%
Clemens
24%
Fabio
24%
Nathan
24%
Piet
24%
Ari
23%
Charlie
23%
Henrik
23%
Miro
23%
Nino
23%
William
23%
Jano
22%
Neo
22%
Rudi
22%
Arno
21%
Darius
21%
Hanno
21%
Ivan
21%
Jasper
21%
Karim
21%
Laurenz
21%
Leonardo
21%
Lian
21%
Mehmet
21%
Mustafa
21%
Sami
21%
Thilo
21%
Tristan
21%
Eduard
20%
Leonhard
20%
Leopold
20%
Marian
20%
Mattis
20%
Mert
20%
Pius
20%
Ruben
20%
Can
19%
Dario
19%
Eddy
19%
Emanuel
19%
Ian
19%
Jamal
19%
Joris
19%
Lionel
19%
Ahmad
18%
Alessio
18%
Kian
18%
Malik
18%
Merlin
18%
Silas
18%
Abdul
17%
Alwin
17%
August
17%
Casper
17%
Enno
17%
Fiete
17%
Henning
17%
Isa
17%
Jannes
17%
Mio
17%
Ryan
17%
Brian
16%
Janosch
16%
Leandro
16%
Lennox
16%
Marek
16%
Marten
16%
Omar
16%
Amir
15%
Arian
15%
Bennet
15%
Bjarne
15%
Danilo
15%
Diego
15%
Emilian
15%
Ibrahim
15%
Jaro
15%
Josua
15%
Luan
15%
Alan
14%
Alessandro
14%
Colin
14%
Dean
14%
Elian
14%
Elio
14%
Juri
14%
Klaas
14%
Leano
14%
Nilo
14%
Rio
14%
Romeo
14%
Edgar
13%
Edwin
13%
Emir
13%
Keanu
13%
Laurin
13%
Magnus
13%
Pablo
13%
Thore
13%
Yusuf
13%
Cedric
12%
Connor
12%
Darian
12%
Elijah
12%
Ethan
12%
Hasan
12%
Isaac
12%
Korbinian
12%
Mattes
12%
Nelio
12%
Nevio
12%
Titus
12%
Abdullah
11%
Ahmet
11%
Amin
11%
Enes
11%
Jaron
11%
Keno
11%
Leno
11%
Nathanael
11%
Nikolai
11%
Pepe
11%
Tammo
11%
Yasin
11%
Aiden
10%
Arvid
10%
Aurel
10%
Bela
10%
Devin
10%
Enzo
10%
Jesper
10%
Jonte
10%
Kaan
10%
Kalle
10%
Leif
10%
Leonid
10%
Mailo
10%
Miguel
10%
Quirin
10%
Samir
10%
Tyler
10%
Bilal
9%
Caspar
9%
Finley
9%
Jayden
9%
Kenan
9%
Lias
9%
Logan
9%
Tiago
9%
Valentino
9%
Yunus
9%
Adriano
8%
Amar
8%
Ammar
8%
Elliot
8%
Flynn
8%
Francesco
8%
Hamza
8%
Hussein
8%
Jakub
8%
Jarno
8%
Kjell
8%
Leonidas
8%
Liano
8%
Mikael
8%
Miran
8%
Nikita
8%
Nolan
8%
Ömer
8%
Quinn
8%
Umut
8%
Valerio
8%
Vito
8%
Arman
7%
Aurelio
7%
Bosse
7%
Caleb
7%
Dion
7%
Eren
7%
Ilyas
7%
Jonne
7%
Timur
7%
Zayn
7%
Bogdan
6%
Eliano
6%
Ismael
6%
Jad
6%
Jorik
6%
Joscha
6%
Lorik
6%
Miles
6%
Selim
6%
Tamino
6%
Vitus
6%
Adem
5%
Arda
5%
Ares
5%
Aris
5%
Aslan
5%
Dante
5%
Dian
5%
Issa
5%
Jari
5%
Jascha
5%
Jeppe
5%
Junis
5%
Kiano
5%
Leonas
5%
Levio
5%
Lorenzo
5%
Malek
5%
Mikkel
5%
Miron
5%
Osman
5%
Rian
5%
Said
5%
Tamme
5%
Taro
5%
Tian
5%
Younes
5%
Youssef
5%
Adnan
4%
Andrej
4%
Aziz
4%
Berat
4%
Efe
4%
Emin
4%
Jakov
4%
Kerem
4%
Malio
4%
Mikail
4%
Nael
4%
Otis
4%
Ragnar
4%
Rune
4%
Salih
4%
Santiago
4%
Semih
4%
Wim
4%
Zaid
4%
Zeyd
4%
Anas
3%
Aras
3%
Aren
3%
Baran
3%
Cayden
3%
Damir
3%
Hadi
3%
Ilay
3%
Ilja
3%
Kiyan
3%
Kuno
3%
Louie
3%
Mael
3%
Maleo
3%
Matei
3%
Milian
3%
Musa
3%
Nidal
3%
Rayan
3%
Taavi
3%
Willem
3%
Zain
3%
Alaz
2%
Alexandru
2%
Aram
2%
Atilla
2%
Atlas
2%
Ayaan
2%
Ayan
2%
Ayaz
2%
Ayman
2%
Ayoub
2%
Azad
2%
Ediz
2%
Ensar
2%
Eymen
2%
Harun
2%
Idris
2%
Ivar
2%
Jovan
2%
Karam
2%
Karan
2%
Khaled
2%
Kirill
2%
Lior
2%
Mahdi
2%
Mahir
2%
Milas
2%
Mirac
2%
Musab
2%
Nikodem
2%
Noyan
2%
Roel
2%
Siar
2%
Sultan
2%
Taha
2%
Thorin
2%
Troi
2%
Yahya
2%
Yakup
2%
Yusef
2%
Alparslan
1%
Daris
1%
Diyan
1%
Imran
1%
Kuzey
1%
Lijan
1%
Metehan
1%
Naim
1%
Noar
1%
Sanad
1%
Taim
1%
Yaman
1%
Yazan
1%
Keine übereinstimmenden Quizze gefunden
Verteilung der Resultate
Anzahl Personen mit jedem Resultat
Perzentil nach korrekt beantworteten Fragen
Ihre Resultats-Entwicklung
Sie haben dieses Quiz noch nicht gespielt